000 01176cab a2200337 4500
001 ABS59645
008 090401t1998 xxu||||| |||| 00| 0 eng d
035 _a(Sirsi) u89648
041 _aeng
245 _aCompulsory purchase of land - compensation
260 _c1998
350 _a0
490 _aFarm Law
_v(37) November 1998, 7-12(6)
520 _aExamines the compensation payments made to farmers and landowners. Discusses statutory rules, the concept of development value, betterment, blight, severance and injurious affection, compensation for farm tenants, and farm loss payments.
650 _aBETTERMENT
650 _aBLIGHT
650 _aCOMPENSATION
650 _aDEVELOPMENT VALUE
650 _aDISTURBANCE
650 _aFARM LOSS PAYMENTS
650 _aFARM TENANTS
650 _aINJURIOUS AFFECTION
650 _aLAND COMPENSATION ACT 1961 S5
650 _aMARKET VALUE
650 _aPLANNING AND COMPENSATION ACT 1991 SCH 15
650 _aSEVERANCE
650 _aSTATUTORY RULES
690 _aENVIRONMENTAL AND LAND CONSULTANCY-PLANNING AND DEVELOPMENT-COMPULSORY PURCHASE AND COMPENSATION
942 _n0
948 _c12/11/1998
999 _c56751
_d56751